| 000 | 01353nam a2200205Ia 4500 | ||
|---|---|---|---|
| 003 | Ost | ||
| 005 | 20260507075109.0 | ||
| 008 | 260507s9999||||xx |||||||||||||| ||und|| | ||
| 040 | _cfsecg | ||
| 041 | _aara | ||
| 082 | _a330 | ||
| 100 |
_aأ-ستيفن، موسكوف _eمؤلف |
||
| 245 | 0 |
_aنظم المعلومات المحاسبية لاتخاذ القرارات : _bمفاهيم وتطبيقات / _c موسكوف أ-ستيفن |
|
| 260 |
_aالرياض: _bدار المريخ للنشر, _c1989 |
||
| 300 |
_a1003 صفحة؛ _bجداول _c24 سم |
||
| 520 | _aيهدف هذا الكتاب إلى تحليل دور نظم المعلومات الالمحاسبية في ادارة المنشأت ، وينصب الإهتمام في هذا الكتاب على دراسة الاستخدامات الكومبيوتر في المنشأت عى نظم المعلومات المحاسبية .كما أنه يوفر للمحسب العصري فرصة ادراك وتفهم قدرات وحدود نضم الكوميرتر حتى يستطيع أن يؤدي وظيفة بكفاءة وفعالية عالية باستخدام نظم المعلومات المحاسبية الإلكترونية المعاصرة . | ||
| 653 | _aمحاسبة - اتخاذ القرار | ||
| 700 |
_aج، سيمكن، سيارك _eمؤلف ثانوي |
||
| 942 | _cكتاب | ||
| 999 |
_c42843 _d42843 |
||